[Event "Ciocaltea Memorial"]
[Site "Bucharest"]
[Date "1999.03.13"]
[Round "10"]
[White "Vukovic, Zdravko"]
[Black "Conquest, Stuart"]
[Result "1-0"]
[WhiteElo "2483"]
[BlackElo "2488"]
[Annotator "Ftacnik,L"]
[PlyCount "89"]
[EventDate "1999.03.04"]
[EventType "tourn"]
[EventRounds "13"]
[EventCountry "ROU"]
[EventCategory "10"]
[SourceTitle "CBM 070"]
[Source "ChessBase"]
[SourceDate "1999.06.08"]
[SourceVersion "1"]
[SourceVersionDate "1999.06.08"]
[SourceQuality "1"]

1. e4 c5 2. Nf3 e6 3. d4 cxd4 4. Nxd4 Nc6 5. Nc3 a6 6. Be2 d6 7. O-O Nf6 8. Kh1
Be7 9. f4 O-O 10. Be3 Bd7 11. Qe1 b5 12. a3 Rb8 (12... Nxd4 13. Bxd4 Bc6) (
12... Rc8) (12... Qb8) 13. Rd1 (13. Bf3 Nxd4 14. Bxd4 e5 15. Bf2 exf4 16. Bd4
Re8 17. Qd2 Be6 18. Qxf4 Nd7 19. Bg4 Bf6 20. Bxe6 fxe6 21. Bxf6 Nxf6 {1/2-1/2
Torre,E-Andersson,U/Bad Lauterberg 1977/ (57)}) 13... Qc8 $5 {Novelty with a
spirit, black defends a6 pawn for the later opening of the b file with b5-b4.}
(13... Qc7 14. Qg3 b4 15. axb4 Rxb4 16. e5 Ne8 17. exd6 Bxd6 18. Bxa6 Rxb2 19.
Ndb5 $1 $16 {0-1 Sznapik,A-Georgiev,K/Warsaw/1987/ (32)}) 14. Qg3 b4 15. axb4
Rxb4 16. e5 Ne8 (16... dxe5 17. fxe5 Ne8 (17... Nd5 $2 18. Bh6 $18) 18. Ne4 $5)
17. Ne4 d5 (17... dxe5 18. fxe5 Nxd4 (18... Rxb2 $2 19. Nf6+ Bxf6 (19... Kh8
20. Bxa6 Qxa6 21. Nxd7 Rg8 22. Rxf7 $18) 20. exf6 g6 21. Bh6 $18) 19. Bxd4 Qxc2
20. Bd3 Qc7 21. Bc3 Rb3 22. Bxa6 $14) 18. Ng5 {White partly abbandones the
queenside, his ambitions are directed towards the black king.} Nxd4 (18... h6
19. Ngf3 Rxb2 20. f5 exf5 21. Bxh6 $40) (18... Rxb2 19. Bd3 Bxg5 20. fxg5 Nb4
21. Bxh7+ Kxh7 22. g6+ Kg8 23. Bg5 (23. Qf4 Nd6 24. exd6 fxg6 $13) 23... Bb5
24. gxf7+ Rxf7 25. Rxf7 Kxf7 26. Qa3 Rxc2 27. Qxb4 $36) 19. Bxd4 h6 20. Nf3
Qxc2 21. Bxa6 Bb5 (21... Qg6 22. Qf2 (22. Qxg6 fxg6 23. Bd3 Kh7 24. Ra1 Rb7 $11
) 22... Bb5 23. Bxb5 Rxb5 24. Rc1 $14) 22. Bxb5 Rxb5 23. Bc3 Bc5 (23... Qg6 24.
Qxg6 fxg6 25. Nd4 Rb6 26. Ba5 Ra6 27. b4 $16) 24. f5 $1 {[%mdl 128] Logical
and timely, since the other half of the board belongs to black.} exf5 (24...
Qxf5 $2 25. Nd4 $18) 25. Nh4 f4 $6 (25... d4 $1 26. Bxd4 Bxd4 27. Rxd4 Rxb2 28.
Rdd1 f4 29. Qxf4 $14) 26. Qxf4 Nc7 (26... g5 27. Qf5 $1 (27. Qg4 Ng7 28. Nf3 (
28. Rxd5 gxh4 29. e6 Qg6 30. exf7+ (30. Qxg6 fxg6 31. Rxf8+ Kxf8 32. e7+ Kxe7
33. Bxg7 Ra5 34. Rd1 h5 $11) 30... Rxf7 31. Rd8+ Bf8 32. Rxf7 Qxf7 (32... Qxg4
33. Rdxf8+ Kh7 34. Rxg7+ $16) 33. Rxf8+ Kxf8 34. Bxg7+ Kg8 35. Bxh6+ Kh7 36.
Be3 Qf1+ 37. Bg1 $14) 28... Rd8 $14) 27... Qb3 28. Nf3 $16) (26... d4 27. Rd2
Qb3 28. Bxd4 $16) 27. Nf5 Ne6 28. Qg4 Kh7 (28... h5 29. Qxh5 d4 30. Bxd4 g6 31.
Qg4 Nxd4 32. Nxd4 Bxd4 33. Rxd4 $16) 29. Rxd5 Qb3 (29... g6 30. Nd6 Qb3 31.
Rdd1 Bxd6 32. exd6 $18) 30. Rd3 Rb6 (30... Rb4 31. Qg3 Ra4 32. Nd6 $16) 31. Rh3
(31. Nxh6 $5 gxh6 32. Qf5+ Kg8 33. Rg3+ Ng5 34. e6 Be7 (34... Qxe6 35. Qxc5 $18
) 35. Bf6 Qxg3 36. hxg3 $18) 31... Qb5 32. Re1 Rd8 33. Nxg7 $1 {There were
several ways to benefit from the huge advantage, knight sacrifice is quite
inspired.} (33. Qh5 $5 Rd7 34. Nxh6 $18) 33... Nxg7 34. e6 Nxe6 (34... f6 35.
Bxf6 Rg8 36. Qe4+ $18) 35. Rxh6+ $1 {Poor black king will be draged around in
a brutal fashion.} (35. Qf5+ Kg8 36. Rxh6 Bd4 37. Bxd4 Rxd4 (37... Qxf5 38.
Rh8#) 38. Qh7+ Kf8 39. Qh8+ Ke7 40. Qxd4 $18) 35... Kxh6 36. Qh4+ Kg6 37. Qf6+
Kh7 (37... Kh5 38. Re5+ Kg4 39. Qf5+ Kh4 40. Qh5#) 38. Qxf7+ Kh6 39. Qf6+ Kh7
40. Qf7+ Kh6 41. Rxe6+ Rxe6 42. Qxe6+ Kh7 (42... Kh5 43. Qf7+ Kg5 44. h4+ Kxh4
45. Qf4+ Kh5 46. g4+ Kg6 47. Qf6+ Kh7 48. Qg7#) (42... Kg5 43. h4+ Kxh4 44.
Bf6+ Kg3 45. Qe5+ Kf2 46. Bh4+ Kf1 47. Qe1#) 43. Qf7+ Kh6 44. Bg7+ Kg5 45. Bf6+
(45. h4+ $18) 1-0

[Event "Bundesliga 0506"]
[Site "Germany"]
[Date "2005.11.12"]
[Round "3.3"]
[White "Polzin, Rainer"]
[Black "Kempinski, Robert"]
[Result "1-0"]
[WhiteElo "2514"]
[BlackElo "2653"]
[Annotator "Ftacnik,L"]
[PlyCount "89"]
[EventDate "2005.10.21"]
[EventType "team-tourn"]
[EventRounds "15"]
[EventCountry "GER"]
[SourceTitle "CBM 110"]
[Source "ChessBase"]
[SourceDate "2006.01.31"]
[SourceVersion "1"]
[SourceVersionDate "2006.01.31"]
[SourceQuality "1"]
[WhiteTeam "Neukoelln"]
[BlackTeam "Hamburger SK"]
[WhiteTeamCountry "GER"]
[BlackTeamCountry "GER"]

1. e4 c5 2. Nf3 d6 3. d4 cxd4 4. Nxd4 Nf6 5. Nc3 a6 6. f4 e6 7. Be2 Be7 8. Be3
O-O 9. O-O Nc6 10. a4 Qc7 11. Kh1 Re8 12. Bf3 Na5 13. g4 Bf8 14. Bg2 Nd7 {
Kempisnki is very consequent in defending the honour of the 12...Na5 line in
the main Scheveningen. Very often the knight waits for the best suitable
moment to jump to the c4 square.} (14... Rb8 15. g5 Nd7 16. Qh5 Nc4 17. Bc1 g6
18. Qh3 Bg7 19. Nde2 b5 20. axb5 axb5 21. b4 Qb6 22. Ra2 Bb7 23. f5 exf5 24.
Nf4 Bxc3 25. Qxc3 Bxe4 {0-1 Hermansson,E-Kempinski,R/Stockholm 1999/}) 15. Qe1
Nc4 16. Bc1 g6 17. b3 Bg7 (17... Na5 18. Bb2 Bg7 19. Rd1 $14) 18. Nde2 (18. Qf2
Na5 19. Bb2 Nc6 20. Nxc6 bxc6 21. g5 $14) 18... Na5 19. Ba3 Rb8 {Black is not
noticing, that the opposition of the queen on e1 and rook on e8 enabled
radical solution in the center with 19...d5!?.} (19... d5 $5 20. Rd1 (20. e5 f6
21. Bd6 Qb6 22. Nc1 Nc6 23. Nd3 fxe5 24. a5 Qd8 25. Nxe5 Nf6 $11) (20. exd5
exd5 $13) 20... b6 21. exd5 Bb7 22. dxe6 Bxg2+ 23. Kxg2 Rxe6 24. Qd2 Nf6 $44)
20. Rd1 Bf8 21. Rd3 (21. f5 $5 Rd8 (21... Ne5 22. fxe6 Bxe6 (22... fxe6 23.
Rxf8+ Rxf8 24. Bxd6 $18) 23. Nf4 Qd8 24. Nfd5 Nd7 25. Qg3 $16) 22. fxe6 fxe6
23. Qg3 $16) 21... b5 22. axb5 axb5 23. b4 $6 {This obvious move is probably
not the best solution, now black will enjoy good piece activity and full blown
counterplay.} (23. Nd4 $5 Ba6 24. Bb4 Nb7 25. g5 $16) 23... Nc4 24. Bc1 Bg7 (
24... d5 25. e5 (25. exd5 Bxb4 26. Qh4 Be7 27. g5 b4 28. dxe6 fxe6 29. f5 $1
$16) 25... f6 26. exf6 Nxf6 27. Qh4 $14) 25. Rh3 Qd8 (25... Bb7 26. g5 Qb6 27.
Qh4 Nf8 $11) 26. g5 Nf8 27. Qh4 Bb7 28. Nd1 (28. Nxb5 Qb6 29. Na3 Qxb4 30. Rb3
Qc5 $15) 28... Ra8 29. Nf2 f5 (29... Ra2 30. Qg3 Rxc2 31. Qd3 Ra2 32. Nc3 Ra8
33. Nxb5 d5 34. Nc3 $14) 30. gxf6 Qxf6 (30... Bxf6 31. Qg3 Bg7 32. Ng4 Kh8 $13)
31. Qg3 (31. Qxf6 Bxf6 32. Ng4 Bg7 33. Nc3 Bc6 $11) 31... h5 $6 {[%mdl 256]
Kempinski was clearly worried about the jump of white knight to g4, but the
weakening of the kingside pawn structure is very risky.} (31... Qe7 32. Nc3 Bc6
$11) 32. e5 (32. Nc3 Qxc3 33. Qxc3 Bxc3 34. Rxc3 $14) 32... Qe7 33. Ne4 (33.
Nd3 Ra2 34. Nd4 $14) 33... dxe5 34. fxe5 Bxe5 (34... Nxe5 $5 35. Bg5 (35. Bh6
Nfd7 (35... Bxh6 36. Nf6+ Kh8 37. Qxe5 Bxg2+ 38. Kxg2 Qg7 39. Rhf3 $14) 36.
Bxg7 Qxg7 37. Nd6 Bxg2+ 38. Kxg2 Red8 (38... Rf8 39. Nf4 $16) 39. Nd4 Qh6 40.
N6xb5 $16) 35... Qc7 36. N2c3 Qc4 37. Bf6 $14) 35. Bf4 Bxf4 $2 {The defender
is ending yet another white piece closer to his own king, phantastic defensive
move 35...Ra1! might still have hold the position together.} (35... Ra1 $1 36.
Rxa1 (36. Bxe5 Rxf1+ 37. Bxf1 Bxe4+ 38. Kg1 Bf5 $19) 36... Bxa1 37. Qe1 (37. c3
Rd8 38. Nd4 Bxe4 39. Bxe4 Qf7 $11) 37... Qg7 38. Rd3 $13) 36. Nxf4 Bxe4 (36...
Qf7 37. Qe1 Qf5 38. Nxh5 $18) 37. Bxe4 Ra3 (37... Qg7 38. Nxg6 (38. Bxa8 Rxa8
39. Qe1 Qb7+ 40. Rhf3 e5 41. Nd3 $16) 38... Ra3 39. c3 Nd2 40. Rxf8+ Rxf8 41.
Ne7+ Kf7 42. Bg6+ Kxe7 43. Qg5+ Kd7 44. Be8+ Kxe8 45. Qxg7 Nf3 46. c4 $16) 38.
c3 Nd2 39. Bxg6 $1 {Polzin played the attack in a great style, the dance of
white bishop g6-h7-g8-f7 is unusual and very impressive.} Nxf1 (39... Nxg6 40.
Qxg6+ $18) 40. Bh7+ Kf7 (40... Kxh7 41. Rxh5#) 41. Bg8+ $1 (41. Qg8+ Kf6 42.
Qh8+ Qg7 (42... Kf7 43. Bg8#) (42... Kg5 43. Qe5+ Kg4 44. Qxh5+ Kxf4 45. Rf3#)
43. Nxh5+ $18) 41... Kf6 42. Nxh5+ Kf5 43. Qf4+ Kg6 44. Bf7+ Kh7 45. Nf6+ (45.
Nf6+ Kg7 46. Nxe8+ $18) 1-0

[Event "Bundesliga 0506"]
[Site "Germany"]
[Date "2005.10.22"]
[Round "1.2"]
[White "Sokolov, Andrei"]
[Black "Van Wely, Loek"]
[Result "1-0"]
[WhiteElo "2623"]
[BlackElo "2648"]
[Annotator "Ftacnik,L"]
[PlyCount "61"]
[EventDate "2005.10.21"]
[EventType "team-tourn"]
[EventRounds "15"]
[EventCountry "GER"]
[SourceTitle "CBM 110"]
[Source "ChessBase"]
[SourceDate "2006.01.31"]
[SourceVersion "1"]
[SourceVersionDate "2006.01.31"]
[SourceQuality "1"]
[WhiteTeam "Tegernsee"]
[BlackTeam "Porz"]
[WhiteTeamCountry "GER"]
[BlackTeamCountry "GER"]

1. e4 c5 2. Nf3 d6 3. d4 cxd4 4. Nxd4 Nf6 5. Nc3 a6 6. Be3 e6 7. Be2 Be7 8. f4
O-O 9. O-O Nc6 10. Kh1 Qc7 11. a4 Re8 12. Bg1 Bd7 13. Nf3 Rad8 (13... Red8 14.
Bd3 b6 15. Qe2 Nb4 16. e5 dxe5 17. fxe5 Nfd5 18. Nxd5 Nxd5 19. Qe4 g6 20. Qg4
Nb4 21. Ng5 Nxd3 22. cxd3 Be8 {0-1 Rodchenkov,S-Vitiugov,N /Samara 2004/ (38)})
14. Bd3 {Sokolov is refraining from the main lines and continues to build up
the position for the potential kingside attack.} Bc8 (14... Nb4 15. a5 Rc8 16.
Bb6 $14) 15. Qe2 Nd7 (15... Nb4 $5 16. a5 Nd7 $13) 16. Nd1 Nb4 17. Bd4 b6 (
17... e5 $1 18. fxe5 (18. Bc3 Nxd3 19. cxd3 exf4 $17) 18... dxe5 19. Bc3 Bc5
$11) 18. Bc3 Nxd3 19. cxd3 Bb7 (19... d5 20. e5 Bb7 21. Nd4 $13) 20. a5 b5 (
20... bxa5 $2 21. Bxa5 Nb6 22. Qf2 $18) 21. Ne3 Rc8 (21... d5 22. e5 b4 23. Bd4
Rc8 24. f5 exf5 25. Nxf5 $36) 22. Ng5 Bxg5 $2 {Van Wely was obviously not
suspecting the consequences of this parting with the good defensive bishop.} (
22... h6 $1 23. Nh3 d5 24. Qg4 Bf8 25. exd5 Bxd5 26. Nxd5 exd5 27. Rac1 Qa7 $11
) 23. fxg5 Qc5 (23... d5 24. Qf2 $1 Re7 (24... Rf8 25. exd5 Qd6 26. Qh4 $16)
25. exd5 Bxd5 26. Qh4 Bc6 27. Bf6 $1 Ree8 28. Bxg7 Kxg7 29. Rxf7+ Kxf7 30.
Qxh7+ Kf8 31. Rf1+ $18) 24. Qf3 Rf8 (24... Qxg5 $2 25. Qxf7+ Kh8 26. Qxd7 Bc6
27. Qa7 $18) (24... Re7 25. Qf4 $1 e5 26. Qf3 $16) 25. Qg3 b4 (25... Qc7 26.
Ng4 d5 27. e5 d4 28. Bb4 Rfe8 29. Nh6+ Kh8 30. Nxf7+ Kg8 31. Nh6+ Kh8 32. g6
$18) 26. Bf6 $1 {[%mdl 128] It turns out that white has a way of accomodating
his bishop.} Rfe8 (26... Nxf6 27. gxf6 g6 28. Qf4 g5 29. Qg3 Qe5 30. Qg4 Kh8
31. Nc4 $16) 27. Ng4 Nf8 (27... gxf6 28. Nxf6+ Kg7 29. Nxd7 Qc7 30. Nf6 $18)
28. Qh3 {It becomes obvious, that black has failed to cope with the dangers to
his king. White forces are in clear majority on the kingside.} (28. Bxg7 $5
Kxg7 29. Qf4 Nd7 30. Qxf7+ Kh8 31. Nf6 Nxf6 32. Qxf6+ Kg8 33. Qf7+ Kh8 34. g6
hxg6 35. Rf3 Qc1+ 36. Rxc1 Rxc1+ 37. Rf1 $18) 28... gxf6 (28... Nd7 29. Nh6+
Kh8 (29... Kf8 30. Bd4 $18) 30. Nxf7+ Kg8 31. Bxg7 Kxg7 32. Qh6+ Kg8 33. g6 $18
) 29. Nxf6+ Kh8 (29... Kg7 30. Qh6+ Kh8 31. Nxe8 $18) 30. Nxe8 Rxe8 31. Rxf7 (
31. Rxf7 Bc8 32. Qh6 Qe5 33. Rxf8+ Rxf8 34. Qxf8#) 1-0

[Event "Interzonal-16"]
[Site "Biel"]
[Date "1993.??.??"]
[Round "4"]
[White "Spasov, Vasil"]
[Black "Ye, Jiangchuan"]
[Result "1/2-1/2"]
[WhiteElo "2540"]
[BlackElo "2535"]
[Annotator "Ftacnik,L"]
[PlyCount "85"]
[EventDate "1993.07.16"]
[EventType "swiss"]
[EventRounds "13"]
[EventCountry "SUI"]
[SourceTitle "CBM 037"]
[Source "ChessBase"]
[SourceDate "1993.12.01"]
[SourceVersion "1"]
[SourceVersionDate "1993.12.01"]
[SourceQuality "1"]

1. e4 c5 2. Nf3 e6 3. d4 cxd4 4. Nxd4 Nc6 5. Nc3 Qc7 6. Be2 a6 7. O-O Nf6 8.
Be3 Be7 9. f4 d6 10. a4 O-O 11. Qe1 e5 (11... Re8) (11... Nxd4 12. Bxd4 e5) 12.
Nxc6 $5 bxc6 (12... Qxc6 13. Kh1 $14 Nxe4 $6 14. Bf3 f5 15. fxe5 dxe5 16. Bd2
$16) 13. fxe5 dxe5 14. Bc4 $1 (14. Kh1 $6 Be6 {/\ c5-c4=/+}) 14... Ng4 $8 15.
Bd2 Be6 $1 (15... Qb6+ 16. Kh1 Qxb2 $2 17. Bb3 {/\ Ra2+-}) 16. Bxe6 fxe6 17. h3
Rxf1+ 18. Qxf1 Rd8 $1 $13 (18... Rf8 $2 19. Qc4 Qb6+ 20. Kh1 Qxb2 21. Ra2 $1
Nf2+ $8 22. Kh2 Qb7 23. Qxe6+ Kh8 24. Ra1 $14) 19. Qe2 Qb6+ 20. Kh1 Nf6 21. Rb1
$1 (21. b3 $2 Qd4 $15) 21... a5 22. Be1 Bb4 23. Bf2 Bc5 24. Bh4 Be7 25. Bg3 Qc5
26. Rf1 Rb8 27. Rb1 Rb4 $5 (27... Rd8 $10) 28. Qf3 Rb8 $8 (28... Qc4 29. b3 Qc5
30. Bf2 Qd6 31. Rd1 $14) 29. b3 Rf8 $1 (29... Rd8 $6 30. Bf2 Qb4 31. Be1 Qc5
32. Rd1 Rd4 33. Rd3 $14) 30. Bf2 Qb4 31. Be1 Qc5 32. Qf2 $5 (32. Bf2 $10) 32...
Nxe4 33. Qxc5 Nxc5 34. Bg3 Rf5 35. Re1 $44 Kf7 36. Kg1 Nd7 $1 37. Ne4 Nf6 38.
Bf2 Bb4 $10 39. Re2 Nxe4 40. Rxe4 Ke7 41. Rc4 Kd7 {/\ Rf4=/+} 42. g3 Kd6 43. c3
(43. c3 Ba3 44. b4 axb4 45. cxb4 Kd5 46. Rc5+ Kd6) 1/2-1/2

[Event "Interzonal-16"]
[Site "Biel"]
[Date "1993.??.??"]
[Round "5"]
[White "Gurevich, Ilya"]
[Black "Lesiege, Alexandre"]
[Result "1-0"]
[WhiteElo "2575"]
[BlackElo "2485"]
[Annotator "Ftacnik,L"]
[PlyCount "103"]
[EventDate "1993.07.16"]
[EventType "swiss"]
[EventRounds "13"]
[EventCountry "SUI"]
[SourceTitle "CBM 037"]
[Source "ChessBase"]
[SourceDate "1993.12.01"]
[SourceVersion "1"]
[SourceVersionDate "1993.12.01"]
[SourceQuality "1"]

1. e4 c5 2. Nf3 e6 3. d4 cxd4 4. Nxd4 Nf6 5. Nc3 d6 6. Be2 Be7 7. O-O O-O 8. f4
Nc6 9. Kh1 Qc7 10. Be3 Bd7 11. Nb3 a6 12. a4 b6 13. Bf3 Rfc8 $6 (13... Rfe8)
14. Qe2 $1 {><a6} Be8 15. Qf2 Rab8 $8 (15... Nd7 $2 16. f5 $1 Nce5 17. fxe6
fxe6 18. Nd4 Bf7 19. Qg3 $16) 16. Qg3 Na5 17. Nd2 b5 18. e5 $1 (18. axb5 $6
Bxb5 $1 19. Nxb5 axb5 20. c3 $10) 18... dxe5 19. fxe5 Nd7 20. axb5 axb5 21.
Nce4 $1 {פa5, d6, Kg8} Nb7 $1 22. Bf4 Kh8 23. c3 Nbc5 24. Bh5 $6 (24. Nf6 Nd3
25. Nxe8 Rxe8 26. Bh5 Nxf4 27. Rxf4 Qxe5 28. Bxf7 Bg5 $1 29. Rd4 Qxg3 30. hxg3
Re7 $10) (24. Nd6 $5 Bxd6 25. exd6 Qd8 (25... Qb6 26. Be3 b4 27. Ne4 $16) 26.
Ra7 $16) 24... Nxe4 25. Nxe4 b4 26. Nf6 $1 (26. Nd6 $2 Bxd6 27. exd6 Qc5 $17)
26... bxc3 27. bxc3 g6 $8 28. Qh4 Nf8 (28... Bxf6 $2 29. exf6 e5 30. Bd2 $1 Rb2
31. Bg4 $18) 29. Bg4 (29. Bf3 Qxc3 30. Qh6 Bb5 $17) 29... Bc6 30. Rf2 $2 (30.
Ra2 $1 {/\} Be4 31. Bg5 $1 Bd3 $8 32. Rd1 $1 Qxc3 33. Ra7 $1) 30... Be4 31. Re1
$2 Qxc3 32. Rfe2 Bd3 33. Re3 Rb2 34. Bh6 Qc2 35. Rg1 $8 (35. Bh3 Rc4 $17) 35...
Rb1 36. Bxf8 Rxg1+ (36... g5 37. Qg3 Qc1 $2 38. Ree1 Bxf8 39. Qxd3 $18) 37.
Kxg1 g5 $1 38. Qg3 $8 (38. Qxg5 Qc1+ 39. Kf2 Rxf8) 38... Bxf8 $4 (38... Qb1+
39. Bd1 $1 $8 (39. Re1 Rc1 40. Bxe7 Rxe1+ 41. Kf2 Rf1+ 42. Ke3 Bg6 $1 $19)
39... Be2 $1 (39... Qxd1+ 40. Re1 Qxe1+ 41. Qxe1 Bxf8 $13) 40. Rxe2 $8 Qxd1+
41. Re1 Qd4+ 42. Kh1 Bxf8 43. Qxg5 Be7 44. Qh6 Bxf6 $10) 39. Rxd3 $18 Qb1+ 40.
Rd1 Rc1 41. Qe1 Bc5+ 42. Kf1 Rxd1 43. Qxd1 Qxd1+ 44. Bxd1 Bd4 45. Nd7 Kg7 46.
g4 f6 47. exf6+ Bxf6 48. Nxf6 Kxf6 49. Kg2 h5 50. h3 Ke5 51. Kf3 Kd4 52. Bc2
1-0

[Event "RUS-Cup03 Geller Memorial"]
[Site "Moscow"]
[Date "1999.02.14"]
[Round "5"]
[White "Kuporosov, Viktor"]
[Black "Ageichenko, Genadi A"]
[Result "1-0"]
[WhiteElo "2485"]
[BlackElo "2343"]
[Annotator "Ftacnik,L"]
[PlyCount "72"]
[EventDate "1999.02.10"]
[EventType "swiss"]
[EventRounds "9"]
[EventCountry "RUS"]
[SourceTitle "CBM 070"]
[Source "ChessBase"]
[SourceDate "1999.06.08"]
[SourceVersion "1"]
[SourceVersionDate "1999.06.08"]
[SourceQuality "1"]

1. e4 c5 2. Nf3 d6 3. d4 cxd4 4. Nxd4 Nf6 5. Nc3 a6 6. Be2 e6 7. f4 Qc7 8. O-O
Nc6 9. Be3 Be7 10. Kh1 O-O 11. Qe1 Bd7 12. Qg3 b5 13. a3 Nxd4 14. Bxd4 Bc6 15.
Rae1 Qb7 16. Bd3 b4 17. axb4 Qxb4 18. Ne2 g6 (18... Bb5 19. c3 Qb3 20. Nc1 Qa4
21. c4 Bc6 22. Qh4 h6 23. e5 Nd5 24. Qg3 dxe5 25. cxd5 Qxd4 26. dxc6 exf4 27.
Qxf4 Qxb2 28. Re2 Qb6 29. Qe4 g6 30. Ref2 Bg5 31. Ne2 Ra7 32. Nd4 a5 33. Rxf7 {
1-0 Balinov,I-Brandstaetter,F/Graz/1996/ (33)}) (18... Qb7 19. Ng1 (19. Nc3
Rfd8 (19... Rad8 20. Qh3 Ne8 21. Re3 e5 22. fxe5 dxe5 23. Bxe5 Qxb2 24. Rb1 Qa3
25. Nd5 Bd7 {1/2-1/2 Wahlbom,M-Eriksson,J/Ronneby 1998/ (34)}) (19... Qb4 20.
Ne2 g6 21. Qh4 e5 22. fxe5 dxe5 23. Bc3 Qd6 {0-1 Waldmann,I-Bielczyk,J/Zamardi
1980/ (39)}) 20. Qh3 h6 21. Re2 Qb4 22. Bg1 e5 23. fxe5 dxe5 {0-1 Dineley,
R-Jansa,V/Wrexham 1998/ (43)}) (19. e5 Nh5 20. Qh3 g6 21. Ng3 dxe5 22. Bxe5
Nxg3+ 23. hxg3 Bb5 (23... Rad8 24. g4 f6 25. Bc3 Bd5 26. Re3 Bb4 27. Bxb4 Qxb4
28. b3 {1-0 Zelcic,R-Fercec,N/Medulin 1997/ (65)}) 24. c4 Bc6 25. g4 Rad8 26.
Re2 f6 27. Bc3 e5 {1/2-1/2 Shirov,A-Ivanchuk,V/Linares 1993/ (35)}) (19. Bxf6
Bxf6 20. e5 dxe5 21. fxe5 Bxe5 22. Qxe5 Bxg2+ 23. Kg1 Bxf1 24. Rxf1 Qb6+ 25.
Rf2 Rac8 26. Ng3 {1/2-1/2 Tolnai,T-Peter,A/Balatonbereny 1996/ (26)}) 19... g6
20. Qe3 a5 (20... Nd7 21. Nf3 Bf6 22. e5 dxe5 23. fxe5 Bg7 24. Re2 {1-0
Prandstetter,E-Orsag,M/CZE 1997/ (56)}) (20... Rfe8 21. Nf3 Nd7 22. Bc3 Bf6 23.
e5 dxe5 24. fxe5 Bg7 25. Re2 {0-1 Prandstetter,E-Orsag,M/CZE-chT 9596 1996/ 
(58)}) 21. Nf3 a4 22. Nd2 (22. Bc3 d5 23. e5 Ne8 24. Nd4 Nc7 25. f5 exf5 26.
Rxf5 {1-0 Vlacil,V-Neruda,L/CZE-ch corr 1995/ (41)}) 22... Rfb8 23. c4 Nd7 24.
Qg3 a3 25. b3 Bf6 26. e5 Bg7 27. Qf2 a2 {0-1 Bieganowski,R-Skurzynski,Z/
POL-ch29 corr8688 1986/ (41)}) 19. Qg5 {This line is quite dangerous for black,
all white pieces are concentrated for the kingside action and black has little
compensation for the fact.} (19. Qh4 e5 20. fxe5 dxe5 21. Bxe5 Nd7 22. Qg3 Nxe5
23. Qxe5 Bh4 24. Ng3 Rae8 25. Qc7 Bxg3 26. hxg3 Bxe4 {1/2-1/2 Kreuzer,M-Gross,
S/Bayern 1996/ (30)}) (19. e5 Nh5 20. Qh3 dxe5 21. Bxe5 Bf6 22. Bc3 Bxc3 23.
bxc3 Qc5 24. Nd4 Bd5 25. Re5 Qxc3 26. Rxh5 Qxd4 27. Rxh7 {1-0 Rosito,J-Clement
Gomez,J/Mar del Plata 1990/ (41)}) 19... Nd5 20. Qh6 Nf6 (20... Bf6 $2 21. exd5
Bxd4 22. dxc6 $18) 21. Bc3 Qc5 22. Nd4 Bd7 (22... Bb5 $5 23. f5 (23. e5 Ng4 24.
Qh3 Bxd3 25. cxd3 h5 26. Qg3 Kh7 $13) 23... Bxd3 24. cxd3 $14) 23. e5 $1 Ng4 (
23... dxe5 24. fxe5 Ng4 (24... Nd5 25. Rf3 f5 26. exf6 Rxf6 27. Rh3 $18) 25.
Qf4 h5 26. h3 g5 27. Qe4 $18) 24. Qh3 h5 (24... dxe5 25. fxe5 Nxe5 26. Nb3 Nxd3
27. Nxc5 Nxc5 28. b4 Na4 29. Bf6 $18) 25. Qg3 {[%mdl 128] The queen is
protecting e5 pawn, but even more important is the pressure against the vital
g6 square.} dxe5 (25... Kh7 26. h3 Nh6 $14) 26. fxe5 Kg7 $2 (26... Kh8 27. Be2
Nh6 28. Rd1 $16) 27. h3 Rh8 (27... Nh6 28. Rxf7+ $1 Rxf7 (28... Nxf7 29. Qxg6+
Kh8 30. Qh7#) 29. Qxg6+ Kf8 30. Qxh6+ Kg8 31. Nxe6 Bxe6 32. Qxe6 $18) 28. hxg4
hxg4+ 29. Kg1 Rh4 (29... Bb5 30. Re4 Bxd3 31. cxd3 $18) 30. Qf4 Rf8 (30... Be8
31. g3 Rh5 32. Qxg4 $18) 31. g3 Rh3 (31... Rh7 32. Qxg4 Bc6 33. Be4 $18) 32.
Qxg4 Rfh8 (32... Rh7 33. Rf2 $18) 33. Rxf7+ $1 {The just consequence of the
flawed defense, black pawn shield is being smashed away.} Kxf7 34. Qxg6+ Kf8
35. Rf1+ Bf6 36. Qxf6+ Ke8 (36... Kg8 37. Qg6#) (36... Ke8 37. Bg6#) 1-0